Thọ Mai Gia Lễ Tục cưới hỏi ma chay của người Việt Nam
Giới thiệu các nghi thức trong phong tục cổ truyền Thọ Mai Gia Lễ, dẫn giải rõ ràng về cách áp dụng ngày giờ, cũng như những điểm xung hợp liên quan đến kẻ sống và người chết theo quan niệm của người xưa....
Sparad:
| Huvudupphovsman: | |
|---|---|
| Materialtyp: | Bok |
| Språk: | Undetermined |
| Publicerad: |
H.
Lao động
2009
|
| Ämnen: | |
| Länkar: | http://lrc.tdmu.edu.vn/opac/search/detail.asp?aID=2&ID=14969 |
| Taggar: |
Lägg till en tagg
Inga taggar, Lägg till första taggen!
|
| Thư viện lưu trữ: | Trung tâm Học liệu Trường Đại học Thủ Dầu Một |
|---|
| LEADER | 01052nam a2200217Ia 4500 | ||
|---|---|---|---|
| 001 | TDMU_14969 | ||
| 008 | 210410s9999 xx 000 0 und d | ||
| 082 | |a 394.269 597 | ||
| 090 | |b NG527 | ||
| 100 | |a Nguyễn, Văn Toàn | ||
| 245 | 0 | |a Thọ Mai Gia Lễ | |
| 245 | 0 | |b Tục cưới hỏi ma chay của người Việt Nam | |
| 245 | 0 | |c Nguyễn Văn Toàn | |
| 260 | |a H. | ||
| 260 | |b Lao động | ||
| 260 | |c 2009 | ||
| 300 | |a 191 tr. | ||
| 520 | |a Giới thiệu các nghi thức trong phong tục cổ truyền Thọ Mai Gia Lễ, dẫn giải rõ ràng về cách áp dụng ngày giờ, cũng như những điểm xung hợp liên quan đến kẻ sống và người chết theo quan niệm của người xưa. | ||
| 650 | |a Ma chay; Tang lễ; Văn hóa |z Việt Nam; Phong tục cổ truyền |z Việt Nam | ||
| 856 | |u http://lrc.tdmu.edu.vn/opac/search/detail.asp?aID=2&ID=14969 | ||
| 980 | |a Trung tâm Học liệu Trường Đại học Thủ Dầu Một | ||